000 00657nam a2200193Ia 4500
005 20250508161930.0
008 008 250505s9999 xx 000 0 eng d
037 _aDissertations
040 _aFEDL
_beng
_cFEDL
041 _aeng
_2eng
084 _a420.954 056, DAS/DI
_qFEDL
100 _aDass Shivani
_9311505
245 0 _aStudy of factors contributing to competence in english in some students in several schools in Delhi following regional medium of instruction
260 _c1979
300 _a110p.
546 _aM. Ed. Dissertation (Delhi University)
942 _cDIS
_h420.954 056, DAS/DI
999 _c1373311
_d1373311